=LDR 00000nam 2200000 4500 =001 NUTBA000000000000911 =005 20140404111804.0 =006 =007 =008 =020 ##$$a 979-006-090-4 =035 ##$$a 0010-041400000000181 =082 ##$$a 636.6 =090 ##$$a 636.6 Suh s =100 ##$$a M. Topan Nixon =245 ##$$a Sukses Beternak Puyuh =260 ##$$a Tanggerang $b Agromedia $c 2007 =300 ##$$a iv,64 hlm $b ilus $c 23 cm. =850 ##$$a NBPNMAT =990 ##$$a 92777/BPAP-NTB/2014 =990 ##$$a 0001/BPAP-NTB/20142014